| 000 | 00482nam a2200181Ia 4500 | ||
|---|---|---|---|
| 003 | IN-BaIIA | ||
| 008 | 211028s9999 xx 000 0 eng d | ||
| 040 | _cIIA Library | ||
| 080 |
_a535.342 _bBRO |
||
| 245 | 0 |
_aSpectroscopy _cedited by D. R. Browning |
|
| 260 |
_aLondon _bMcGraw-Hill _c1969 |
||
| 300 | _avii, 183p. | ||
| 650 |
_aAbsorption Spectroscopy _91788 |
||
| 650 | _aNASA Thesaurus | ||
| 650 |
_aSpectrosocpy _96957 |
||
| 700 |
_aBrowning, D. R., ed. _96958 |
||
| 942 | _cBK | ||
| 999 |
_c3909 _d3909 |
||